000 00398nam a2200157Ia 4500
005 20241004104130.0
008 240806s9999||||xx |||||||||||||| ||eng||
041 _aeng
082 _a200.1
_bHICP
100 _aJohn H. Hick
245 0 _aPhilosophy of religion /
_cJohn H. Hick
260 _bPrentice-Hall Of India Private Limited New Delhi
300 _a0
650 _aPhilosophy
942 _cBK
999 _c18016
_d18016